000 00414nam a2200145Ia 4500
008 231129s2011||||xx |||||||||||||| ||spa||
020 _a978-958-710-713-5
040 _bspa
082 _aCo861 R621t
100 _aRivera José Eustasio
245 0 _aTierra de promisión
260 _c2011
264 _aBogotá Colombia: Universidad Externado de Colombia
942 _2ddc
_cBKS
999 _c25400
_d25400